[Event "NOR-chT Club"]
[Site "Drammen"]
[Date "2019.05.30"]
[Round "5"]
[White "Gonzalez, Francisco Silva"]
[Black "Haugsdal, Arn Tore"]
[Result "1-0"]
[WhiteElo "2125"]
[BlackElo "1994"]
[PlyCount "77"]
[EventDate "2019.05.30"]
[EventType "team-swiss"]
[EventRounds "6"]
[EventCountry "NOR"]
[SourceTitle "CBM 190 Extra"]
[Source "ChessBase"]
[SourceDate "2019.07.15"]
[SourceVersion "1"]
[SourceVersionDate "2019.07.15"]
[SourceQuality "1"]
[WhiteTeam "Moss"]
[BlackTeam "Masfjorden"]
[WhiteTeamCountry "NOR"]
[BlackTeamCountry "NOR"]

1. d4 c5 2. d5 Nf6 3. c4 b5 4. cxb5 a6 5. b6 e6 6. Nc3 Qxb6 7. e4 Bb7 8. Nf3 d6 9. Bc4 e5 10. 0-0 Nbd7 11. Nh4 g6 12. a4 Bg7 13. a5 Qd8 14. g3 0-0 15. Be2 Ne8 16. Be3 Nc7 17. Qd2 f5 18. exf5 gxf5 19. Bh6 Rb8 20. Bxg7 Kxg7 21. f4 e4 22. Bc4 Qf6 23. Rad1 Ba8 24. Qe2 Rb4 25. Rf2 Rfb8 26. Nxe4 fxe4 27. Qg4+ Kh8 28. Qxd7 Rxc4 29. Qxc7 Rg8 30. Ng2 Rd4 31. Ne3 Rxd1+ 32. Nxd1 Qd4 33. Nc3 e3 34. Re2 Bxd5 35. Qe7 Bf3 36. Rxe3 Bc6 37. Ne2 Qxb2 38. Qxd6 Bb5 39. Re5 1-0

[Event "Sandnes Masfjorden op"]
[Site "Sandnes"]
[Date "2015.02.13"]
[Round "5"]
[White "Haugsdal, Arn Tore"]
[Black "Merkesvik, Sondre"]
[Result "0-1"]
[WhiteElo "2069"]
[BlackElo "2222"]
[PlyCount "92"]
[EventDate "2015.02.13"]
[EventType "swiss"]
[EventRounds "6"]
[EventCountry "NOR"]
[SourceTitle "EXT 2017"]
[Source "ChessBase"]
[SourceDate "2016.10.25"]
[SourceVersion "1"]
[SourceVersionDate "2016.10.25"]
[SourceQuality "1"]

1. e4 c5 2. c3 d5 3. exd5 Qxd5 4. d4 Nc6 5. Nf3 Bg4 6. Be2 e6 7. c4 Qf5 8. d5 0-0-0 9. Nc3 Nf6 10. h3 Bxf3 11. Bxf3 Nd4 12. Bg4 Qe5+ 13. Kf1 h5 14. Bf3 g5 15. Be3 Nxf3 16. Qxf3 exd5 17. cxd5 g4 18. Bf4 gxf3 19. Bxe5 fxg2+ 20. Kxg2 Rg8+ 21. Kf3 Nxd5 22. Ne4 Re8 23. Bd6 f5 24. Nc3 Nxc3 25. Bxf8 Rgxf8 26. bxc3 Rd8 27. Rad1 b5 28. Kf4 a5 29. a3 Kc7 30. Rb1 Kc6 31. h4 Rd3 32. Rhg1 Rxc3 33. Rg6+ Kd5 34. Rxb5 Rxa3 35. Ra6 Ra4+ 36. Kf3 Rxh4 37. Raxa5 Rc8 38. Rb1 Rd4 39. Rb6 h4 40. Rh6 Rb8 41. Rh5 Rb3+ 42. Kg2 Rg4+ 43. Kh2 Rf4 44. Kg2 Rb2 45. Kh3 Rbxf2 46. Rxh4 R4f3# 0-1

[Event "Politiken Cup 34th"]
[Site "Helsingor"]
[Date "2012.08.02"]
[Round "7"]
[White "Portisch, Lajos"]
[Black "Haugsdal, Arn Tore"]
[Result "1-0"]
[WhiteElo "2520"]
[BlackElo "2068"]
[PlyCount "80"]
[EventDate "2012.07.28"]
[EventType "swiss"]
[EventRounds "10"]
[EventCountry "DEN"]
[SourceTitle "CBM 149 Extra"]
[Source "ChessBase"]
[SourceDate "2012.08.24"]
[SourceVersion "1"]
[SourceVersionDate "2012.08.24"]
[SourceQuality "1"]

1. d4 Nf6 2. c4 c5 3. d5 b5 4. cxb5 a6 5. bxa6 Bxa6 6. g3 h5 7. Nf3 e6 8. dxe6 fxe6 9. Qc2 Nc6 10. Nc3 Nd4 11. Qg6+ Ke7 12. Bg2 Bb7 13. Bg5 Nxf3+ 14. Bxf3 Bxf3 15. exf3 Qe8 16. Qd3 Kf7 17. Rd1 d5 18. b3 Rb8 19. 0-0 Rb4 20. Rfe1 Qc6 21. f4 c4 22. bxc4 Rxc4 23. Bxf6 gxf6 24. Ne2 Bb4 25. Rf1 f5 26. Nd4 Qc8 27. Nf3 Bc3 28. h4 Kf6 29. Rb1 Qa6 30. Rb3 d4 31. Qe2 Rd8 32. Ne5 d3 33. Qxh5 Bxe5 34. Qg5+ Kf7 35. Qxd8 Bd6 36. Rxd3 Be7 37. Rd7 Qa3 38. Rb1 Qc5 39. Rxe7+ Qxe7 40. Qh8 Qc7 1-0

[Event "Politiken Cup 34th"]
[Site "Helsingor"]
[Date "2012.08.01"]
[Round "6"]
[White "Haugsdal, Arn Tore"]
[Black "Carlstedt, Jonathan"]
[Result "0-1"]
[WhiteElo "2068"]
[BlackElo "2352"]
[PlyCount "72"]
[EventDate "2012.07.28"]
[EventType "swiss"]
[EventRounds "10"]
[EventCountry "DEN"]
[SourceTitle "CBM 149 Extra"]
[Source "ChessBase"]
[SourceDate "2012.08.24"]
[SourceVersion "1"]
[SourceVersionDate "2012.08.24"]
[SourceQuality "1"]

1. e4 e6 2. d4 d5 3. e5 c5 4. c3 Nc6 5. Nf3 Bd7 6. a3 c4 7. g4 Nge7 8. h4 Na5 9. Bg5 Qb6 10. Ra2 h6 11. Bf4 Nb3 12. Nbd2 Ng6 13. Bg3 h5 14. gxh5 Rxh5 15. Nxb3 Qxb3 16. Qxb3 cxb3 17. Ra1 a5 18. Be2 a4 19. Ng5 Rh6 20. Kd2 Be7 21. f4 f6 22. Nf3 0-0-0 23. h5 Rdh8 24. Nh2 Nf8 25. Ng4 Rxh5 26. Rxh5 Rxh5 27. Nxf6 Rh3 28. Nxd7 Rxg3 29. Nb6+ Kc7 30. Nxa4 Ng6 31. Rf1 Nxf4 32. Bd1 Rg2+ 33. Kc1 Nd3+ 34. Kb1 b5 35. Rf3 bxa4 36. Rxd3 Rg1 0-1

[Event "Politiken Cup 34th"]
[Site "Helsingor"]
[Date "2012.07.31"]
[Round "5"]
[White "Buchal, Stephan"]
[Black "Haugsdal, Arn Tore"]
[Result "0-1"]
[WhiteElo "2320"]
[BlackElo "2068"]
[PlyCount "60"]
[EventDate "2012.07.28"]
[EventType "swiss"]
[EventRounds "10"]
[EventCountry "DEN"]
[SourceTitle "CBM 149 Extra"]
[Source "ChessBase"]
[SourceDate "2012.08.24"]
[SourceVersion "1"]
[SourceVersionDate "2012.08.24"]
[SourceQuality "1"]

1. g3 e5 2. c4 h5 3. h3 h4 4. g4 d5 5. cxd5 Qxd5 6. Nf3 Qa5 7. Nc3 Nc6 8. d3 f5 9. gxf5 Bxf5 10. Bd2 0-0-0 11. a3 Nd4 12. Bg2 Qb6 13. Nxe5 Qe6 14. f4 g5 15. e3 Nb3 16. Qf3 c6 17. e4 Nxd2 18. Kxd2 gxf4 19. Nxc6 Qb3 20. Rac1 Bc5 21. Nd1 Be3+ 22. Ke1 Bxc1 23. Nxd8 Bd7 24. Nxb7 Qxb7 25. Qf2 Kb8 26. Bf3 Ne7 27. Qc5 Rc8 28. Qxe7 Rc2 29. Qf8+ Bc8 30. Qb4 Bd2+ 0-1

[Event "Arctic Chess Challenge"]
[Site "Tromsoe"]
[Date "2010.08.05"]
[Round "6"]
[White "Haugsdal, Arn Tore"]
[Black "Steinskog, Asbjorn Ottesen"]
[Result "1-0"]
[WhiteElo "2079"]
[BlackElo "1891"]
[PlyCount "73"]
[EventDate "2010.07.31"]
[EventType "swiss"]
[EventRounds "9"]
[EventCountry "NOR"]
[SourceTitle "CBM 137 Extra"]
[Source "ChessBase"]
[SourceDate "2010.09.01"]
[SourceVersion "1"]
[SourceVersionDate "2010.09.01"]
[SourceQuality "1"]

1. e4 e5 2. d4 exd4 3. Nf3 Nc6 4. Bc4 Nf6 5. 0-0 d6 6. Nxd4 Be7 7. Nc3 0-0 8. Nf5 Nxe4 9. Nh6+ gxh6 10. Nxe4 Ne5 11. Bb3 a5 12. a4 Ng4 13. h3 Nf6 14. Ng3 Be6 15. Bxh6 Re8 16. Qf3 d5 17. c3 Kh8 18. Bc2 Rg8 19. Rfe1 Qd7 20. Nf5 Bd8 21. Be3 Ne4 22. Bd4+ f6 23. Ng3 c5 24. Nxe4 dxe4 25. Bxf6+ Bxf6 26. Qxf6+ Qg7 27. Qxg7+ Rxg7 28. g4 h5 29. f3 hxg4 30. fxg4 Rd8 31. Rad1 Rxd1 32. Rxd1 Rd7 33. Rxd7 Bxd7 34. Bxe4 Bxa4 35. Bxb7 Bd1 36. Kf2 Kg7 37. Kg3 1-0

[Event "NOR-chB"]
[Site "Moss"]
[Date "2006.07.11"]
[Round "5"]
[White "Haugsdal, Arn Tore"]
[Black "Sidselrud, Steinar"]
[Result "0-1"]
[WhiteElo "2020"]
[BlackElo "2045"]
[PlyCount "128"]
[EventDate "2006.07.08"]
[EventType "swiss"]
[EventRounds "9"]
[EventCountry "NOR"]
[SourceTitle "EXT 2007"]
[Source "ChessBase"]
[SourceDate "2006.11.23"]
[SourceVersion "1"]
[SourceVersionDate "2006.11.23"]
[SourceQuality "1"]

1. e4 d6 2. d4 Nf6 3. Nc3 g6 4. Bc4 c6 5. Bb3 Bg7 6. h4 h5 7. Nh3 0-0 8. Ng5 d5 9. e5 Ne8 10. Be3 Nc7 11. Ne2 f6 12. Nf3 Bg4 13. Nf4 Qe8 14. Qd2 Nd7 15. exf6 Nxf6 16. Ng5 Nh7 17. f3 e5 18. dxe5 Bxe5 19. 0-0-0 Bf5 20. g4 hxg4 21. fxg4 Bxg4 22. Rdg1 Nf6 23. h5 gxh5 24. Nxh5 Bxh5 25. c3 Ng4 26. Bd1 Bh2 27. Rxh2 Qxe3 28. Qxe3 Nxe3 29. Rxh5 Rf1 30. Rxf1 Nxf1 31. Rh7 Ne6 32. Rh1 Nxg5 33. Rxf1 Rf8 34. Rg1 Rf5 35. Bg4 Re5 36. b4 Kf7 37. Kc2 Ne4 38. a4 Rg5 39. Rf1+ Ke7 40. Rf4 b6 41. Bf3 Nd6 42. Rh4 Rf5 43. Be2 Rf7 44. Rh8 Ne4 45. Ra8 Kd6 46. a5 bxa5 47. bxa5 Rf2 48. Kd3 Nxc3 49. Kxc3 Rxe2 50. Rxa7 Kc5 51. Ra8 Kb5 52. Kb3 Re3+ 53. Kb2 Re4 54. Kb3 Rb4+ 55. Kc3 Ra4 56. Rb8+ Kxa5 57. Rb1 c5 58. Rb8 Ra3+ 59. Kc2 Rh3 60. Kd2 d4 61. Kc2 Ka4 62. Rb7 c4 63. Rb8 Rh2+ 64. Kc1 d3 0-1

[Event "NOR-chB"]
[Site "Moss"]
[Date "2006.07.10"]
[Round "4"]
[White "Bjerke, Silje"]
[Black "Haugsdal, Arn Tore"]
[Result "1-0"]
[WhiteElo "2132"]
[BlackElo "2020"]
[PlyCount "63"]
[EventDate "2006.07.08"]
[EventType "swiss"]
[EventRounds "9"]
[EventCountry "NOR"]
[SourceTitle "EXT 2007"]
[Source "ChessBase"]
[SourceDate "2006.11.23"]
[SourceVersion "1"]
[SourceVersionDate "2006.11.23"]
[SourceQuality "1"]

1. d4 Nf6 2. c4 c5 3. d5 b5 4. Nf3 b4 5. Qc2 g6 6. e4 d6 7. h3 Bg7 8. Bd3 0-0 9. 0-0 e5 10. dxe6 Bxe6 11. Rd1 Nc6 12. Bf4 Qe7 13. Nbd2 Nd7 14. Bg5 f6 15. Bh4 Nde5 16. Be2 a5 17. Rac1 Bh6 18. Rb1 a4 19. b3 Ra7 20. Nf1 Rfa8 21. Ne3 axb3 22. axb3 Ra2 23. Rb2 Nxf3+ 24. Bxf3 Nd4 25. Rxa2 Nxc2 26. Rxa8+ Kg7 27. Nxc2 Bf4 28. Rda1 Bf7 29. Ne1 Be5 30. R1a7 Qe6 31. Bg4 f5 32. Re7 1-0

[Event "Canarias en Red final"]
[Site "Playchess.com INT"]
[Date "2004.05.09"]
[Round "3"]
[White "Bellini, Fabio"]
[Black "Haugsdal, Arn Tore"]
[Result "1-0"]
[WhiteElo "2502"]
[BlackElo "2124"]
[PlyCount "63"]
[EventDate "2004.05.09"]
[EventType "swiss (blitz)"]
[EventRounds "13"]
[EventCountry "GER"]
[SourceTitle "EXT 2005"]
[Source "ChessBase"]
[SourceDate "2004.11.15"]
[SourceVersion "1"]
[SourceVersionDate "2004.11.15"]
[SourceQuality "1"]

1. e4 e5 2. Nf3 Nc6 3. Bc4 Nf6 4. d3 Bc5 5. c3 d6 6. 0-0 Bg4 7. Nbd2 Qd7 8. b4 Bb6 9. Bb3 h5 10. Nc4 h4 11. Nxb6 axb6 12. h3 Bh5 13. Bg5 Bg6 14. Nxh4 Bh5 15. Qd2 Nh7 16. Nf5 f6 17. Be3 g6 18. Ng3 0-0-0 19. a4 g5 20. Nxh5 g4 21. h4 f5 22. exf5 Qxf5 23. Ng3 Qd7 24. a5 bxa5 25. b5 Ne7 26. Rxa5 Qe8 27. Be6+ Kb8 28. Ba7+ Ka8 29. Bb6+ Kb8 30. Ra8+ Kxa8 31. Qa2+ Kb8 32. Qa7# 1-0

[Event "Canarias en Red prel 4th"]
[Site "Playchess.com INT"]
[Date "2004.05.06"]
[Round "7"]
[White "Moreno, Alberto"]
[Black "Haugsdal, Arn Tore"]
[Result "1-0"]
[WhiteElo "2185"]
[BlackElo "2124"]
[PlyCount "71"]
[EventDate "2004.05.06"]
[EventType "swiss (blitz)"]
[EventRounds "13"]
[EventCountry "GER"]
[SourceTitle "EXT 2005"]
[Source "ChessBase"]
[SourceDate "2004.11.15"]
[SourceVersion "1"]
[SourceVersionDate "2004.11.15"]
[SourceQuality "1"]

1. g3 e5 2. Bg2 d5 3. d3 Bc5 4. Nf3 Nc6 5. 0-0 Nf6 6. c4 Bg4 7. cxd5 Nxd5 8. Nc3 f6 9. Qa4 Bb6 10. Qxg4 0-0 11. Qe6+ Kh8 12. Qxd5 Qe7 13. Qb3 Rad8 14. Nd5 Qd7 15. Nxb6 axb6 16. Be3 Ne7 17. d4 e4 18. Nd2 f5 19. Nc4 Nd5 20. Ne5 Qe6 21. Rac1 Rf6 22. Bg5 Rff8 23. Bxd8 Rxd8 24. f3 e3 25. f4 c6 26. Rfd1 g5 27. fxg5 f4 28. Bxd5 Rxd5 29. gxf4 Qf5 30. Qxe3 Kg7 31. Qf3 Rb5 32. e4 Qe6 33. f5 Qxa2 34. f6+ Kf8 35. Qf5 Rxe5 36. dxe5 1-0

[Event "Canarias en Red prel 3rd"]
[Site "Playchess.com INT"]
[Date "2004.05.05"]
[Round "4"]
[White "Haugsdal, Arn Tore"]
[Black "Chapar, Sergey"]
[Result "1-0"]
[WhiteElo "2124"]
[BlackElo "2256"]
[PlyCount "39"]
[EventDate "2004.05.05"]
[EventType "swiss (blitz)"]
[EventRounds "13"]
[EventCountry "GER"]
[SourceTitle "EXT 2005"]
[Source "ChessBase"]
[SourceDate "2004.11.15"]
[SourceVersion "1"]
[SourceVersionDate "2004.11.15"]
[SourceQuality "1"]

1. e4 c6 2. Nc3 e5 3. Nf3 d6 4. d4 Nd7 5. Bc4 Ngf6 6. Bb3 h6 7. 0-0 Be7 8. Be3 0-0 9. Qd2 Ng4 10. Rad1 Nxe3 11. fxe3 Qc7 12. dxe5 Nxe5 13. h3 a5 14. a3 b6 15. Nd4 Ba6 16. Rf5 Rad8 17. Qf2 Bc8 18. Qg3 Bxf5 19. Nxf5 Ng6 20. Qxg6 1-0

[Event "Canarias en Red prel 2nd"]
[Site "Playchess.com INT"]
[Date "2004.05.04"]
[Round "12"]
[White "Haugsdal, Arn Tore"]
[Black "Rheinwalt, Tobias"]
[Result "1-0"]
[WhiteElo "2124"]
[BlackElo "2239"]
[PlyCount "109"]
[EventDate "2004.05.04"]
[EventType "swiss (blitz)"]
[EventRounds "13"]
[EventCountry "GER"]
[SourceTitle "EXT 2005"]
[Source "ChessBase"]
[SourceDate "2004.11.15"]
[SourceVersion "1"]
[SourceVersionDate "2004.11.15"]
[SourceQuality "1"]

1. e4 e5 2. Nf3 Nc6 3. d4 exd4 4. Bb5 Nf6 5. e5 Ne4 6. 0-0 Be7 7. Bxc6 dxc6 8. Qxd4 Qxd4 9. Nxd4 0-0 10. f3 Ng5 11. h4 Ne6 12. Nf5 Bc5+ 13. Be3 Re8 14. Nc3 Bxe3+ 15. Nxe3 Nf4 16. Rad1 Be6 17. g3 Nh5 18. Kg2 f5 19. f4 Rad8 20. Ne2 c5 21. c4 c6 22. b3 Kf7 23. Ng1 g6 24. Nf3 h6 25. Rd6 Rd7 26. Rfd1 Red8 27. R1d3 Ke7 28. Rxd7+ Rxd7 29. Rxd7+ Kxd7 30. Nd1 b5 31. Ne3 a6 32. Ne1 Kc7 33. Nd3 Kb6 34. Kf3 Ng7 35. g4 fxg4+ 36. Nxg4 Nf5 37. Ne3 Nxh4+ 38. Ke4 Nf5 39. Nb2 a5 40. Nxf5 Bxf5+ 41. Kf3 Bc2 42. Ke3 a4 43. Kd2 Bb1 44. bxa4 Bxa2 45. Kc3 bxc4 46. Nxc4+ Bxc4 47. Kxc4 h5 48. e6 Kc7 49. a5 h4 50. a6 h3 51. e7 Kd7 52. a7 h2 53. a8Q h1Q 54. e8Q+ Kd6 55. Qad8# 1-0

[Event "Canarias en Red prel 2nd"]
[Site "Playchess.com INT"]
[Date "2004.05.04"]
[Round "4"]
[White "Haugsdal, Arn Tore"]
[Black "Schoeneberg, Manfred"]
[Result "0-1"]
[WhiteElo "2124"]
[BlackElo "2321"]
[PlyCount "64"]
[EventDate "2004.05.04"]
[EventType "swiss (blitz)"]
[EventRounds "13"]
[EventCountry "GER"]
[SourceTitle "EXT 2005"]
[Source "ChessBase"]
[SourceDate "2004.11.15"]
[SourceVersion "1"]
[SourceVersionDate "2004.11.15"]
[SourceQuality "1"]

1. e4 c5 2. c3 e6 3. d4 d5 4. e5 Nc6 5. Nf3 Bd7 6. a3 Nge7 7. Bd3 cxd4 8. cxd4 Qb6 9. Nc3 Nxd4 10. Nxd4 Qxd4 11. 0-0 Nc6 12. Nb5 Qxe5 13. Re1 Qb8 14. Qh5 Be7 15. f4 a6 16. Nc3 Qd6 17. Bd2 g6 18. Qe2 0-0 19. f5 exf5 20. Bh6 Rfe8 21. Qf3 Ne5 22. Qg3 Nxd3 23. Qxd3 Bc6 24. Rad1 Bf6 25. Rxe8+ Rxe8 26. Nxd5 Bxd5 27. Qxd5 Qxd5 28. Rxd5 Bxb2 29. Rd7 b6 30. Ra7 a5 31. Rb7 Bxa3 32. Kf1 Bc5 0-1